000 01045cam a2200277 i 4500
001 10045
003 Mx-PuUPA
005 20241022110954.0
008 140415s2013 mx ao gr 000 0 spa d
020 _a9786077714378
040 _aMx-PuUPA
_cMx-PuUPA
_bspa
_dMx-PuUPA
_erda
041 0 _aspa
100 1 _aLara Elizondo, Lupina,
_eautor
_916339
245 1 0 _aResumen :
_bpropuestas del arte contemporáneo Mexicano /
_cdirección y texto, Lupina Lara Elizondo
264 1 _aMéxico, D. F. :
_bPromoción de Arte Mexicano,
_c2013
300 _a1 volumen (sin paginación) :
_bilustraciones, fotografías (en color) ;
_c30 cm
336 _2rdacontent
_atexto
_btxt
337 _2rdamedia
_asin medio
_bn
338 _2rdacarrier
_avolumen
_bnc
650 7 _2armarc
_aArte mexicano
_ySiglo XXI
650 7 _2armarc
_aArte mexicano
_y200-2009
942 _2ddc
_cLI
_h709.7205
_iL38
999 _c10045
_d10045